Filmographie de Bradley Cooper en images. - Statistiques

Statistiques générales
  • Ce quiz a été pris 16 fois
  • Le résultat moyen est 5 sur 16
Statistiques - réponses
Par images Réponse % Correct
American Sniper
88%
Very Bad Trip
88%
A Star Is Born
75%
Les Gardiens de la Galaxie
75%
Happiness Therapy
63%
Limitless
38%
L'Agence tous risques
19%
Maestro
19%
The Place Beyond the Pines
19%
À vif !
13%
Joy
6%
La Mule
6%
Licorice Pizza
6%
Nightmare Alley
6%
American Bluff
0%
Ce que pensent les hommes
0%
Aucun quiz correspondant
Distribution des résultats
% des personnes avec chaque résultat
Percentile par nombre de réponses
Votre historique - résultats
Vous n’avez pas pris ce quiz